<?xml version="1.0" encoding="UTF-8"?>
<record
    xmlns:xsi="http://www.w3.org/2001/XMLSchema-instance"
    xsi:schemaLocation="http://www.loc.gov/MARC21/slim http://www.loc.gov/standards/marcxml/schema/MARC21slim.xsd"
    xmlns="http://www.loc.gov/MARC21/slim">

  <leader>02111nas a2200349 i 4500</leader>
  <controlfield tag="003">DO-SdBNP</controlfield>
  <controlfield tag="005">20260428142330.0</controlfield>
  <controlfield tag="006">asn|p|r||||||spa|</controlfield>
  <controlfield tag="007">ta</controlfield>
  <controlfield tag="008">260428e2008    dr m||p|rp|||||0| | spa d</controlfield>
  <datafield tag="040" ind1=" " ind2=" ">
    <subfield code="a">DO-SdBNP</subfield>
    <subfield code="b">spa</subfield>
    <subfield code="c">DO-SdBNP</subfield>
    <subfield code="e">rda</subfield>
  </datafield>
  <datafield tag="041" ind1=" " ind2=" ">
    <subfield code="a">spa</subfield>
  </datafield>
  <datafield tag="044" ind1=" " ind2=" ">
    <subfield code="a">dr</subfield>
    <subfield code="c">DO</subfield>
  </datafield>
  <datafield tag="110" ind1=" " ind2=" ">
    <subfield code="a">&#xD3;rgano en Difusi&#xF3;n del Comit&#xE9; Ol&#xED;mpico Dominicana</subfield>
    <subfield code="9">89421</subfield>
  </datafield>
  <datafield tag="245" ind1="0" ind2=" ">
    <subfield code="a">Flash ol&#xED;mpico /</subfield>
    <subfield code="c">&#xD3;rgano en Difusi&#xF3;n del Comit&#xE9; Ol&#xED;mpico Dominicana.</subfield>
  </datafield>
  <datafield tag="264" ind1=" " ind2=" ">
    <subfield code="a">Santo Domingo, Rep&#xFA;blica Dominicana :</subfield>
    <subfield code="b">&#xD3;rgano en Difusi&#xF3;n del Comit&#xE9; Ol&#xED;mpico Dominicana,</subfield>
    <subfield code="c">2008.</subfield>
  </datafield>
  <datafield tag="300" ind1=" " ind2=" ">
    <subfield code="a">volumen : </subfield>
    <subfield code="b">ilustraciones, fotograf&#xED;as, tablas ; </subfield>
    <subfield code="c">27 cm.</subfield>
  </datafield>
  <datafield tag="310" ind1=" " ind2=" ">
    <subfield code="a">Mensual.</subfield>
  </datafield>
  <datafield tag="336" ind1=" " ind2=" ">
    <subfield code="a">texto</subfield>
    <subfield code="b">txt</subfield>
    <subfield code="2">rdacontent</subfield>
  </datafield>
  <datafield tag="337" ind1=" " ind2=" ">
    <subfield code="a">sin mediaci&#xF3;n</subfield>
    <subfield code="b">n</subfield>
    <subfield code="2">rdamedia</subfield>
  </datafield>
  <datafield tag="338" ind1=" " ind2=" ">
    <subfield code="a">volumen</subfield>
    <subfield code="b">nc</subfield>
    <subfield code="2">rdacarrier</subfield>
  </datafield>
  <datafield tag="340" ind1=" " ind2=" ">
    <subfield code="e">Impreso.</subfield>
  </datafield>
  <datafield tag="362" ind1=" " ind2=" ">
    <subfield code="a">A&#xF1;o 1. No. 8 marzo, 2008.</subfield>
  </datafield>
  <datafield tag="500" ind1=" " ind2=" ">
    <subfield code="a">Catalogaci&#xF3;n basada en: A&#xF1;o 1. No. 8, marzo 2008.</subfield>
  </datafield>
  <datafield tag="500" ind1=" " ind2=" ">
    <subfield code="a">Tercer Encuentro Federativo. </subfield>
  </datafield>
  <datafield tag="520" ind1=" " ind2=" ">
    <subfield code="a">"Flash Ol&#xED;mpico" es el medio de comunicaci&#xF3;n oficial del Comit&#xE9; Ol&#xED;mpico Dominicano (COD), encargado de difundir noticias, eventos y actividades deportivas del pa&#xED;s.
Funci&#xF3;n y Prop&#xF3;sito
El Comit&#xE9; Ol&#xED;mpico Dominicano (COD) es el organismo rector que representa al deporte nacional ante el Comit&#xE9; Ol&#xED;mpico Internacional, los Juegos Ol&#xED;mpicos, los Juegos Panamericanos y los Juegos Centroamericanos y del Caribe. Fundado oficialmente el 15 de febrero de 1962, el COD coordina, promueve y supervisa todas las actividades deportivas en Rep&#xFA;blica Dominicana. Dentro de sus funciones, se incluye la difusi&#xF3;n de informaci&#xF3;n deportiva, la cobertura de eventos nacionales e internacionales y la comunicaci&#xF3;n de logros de atletas dominicanos.</subfield>
  </datafield>
  <datafield tag="650" ind1=" " ind2="0">
    <subfield code="a">Deportes</subfield>
    <subfield code="v">Publicaciones peri&#xF3;dicas </subfield>
    <subfield code="9">88755</subfield>
    <subfield code="z">Rep&#xFA;blica Dominicana</subfield>
  </datafield>
  <datafield tag="650" ind1=" " ind2="0">
    <subfield code="a">Juegos ol&#xED;mpicos</subfield>
    <subfield code="v">Publicaciones peri&#xF3;dicas </subfield>
    <subfield code="9">46134</subfield>
    <subfield code="y">Rep&#xFA;blica Dominicana</subfield>
  </datafield>
  <datafield tag="650" ind1=" " ind2="0">
    <subfield code="a">Noticias</subfield>
    <subfield code="v">Publicaciones peri&#xF3;dicas </subfield>
    <subfield code="9">49</subfield>
    <subfield code="z">Rep&#xFA;blica Dominicana</subfield>
  </datafield>
  <datafield tag="650" ind1=" " ind2="0">
    <subfield code="a">Reportajes</subfield>
    <subfield code="v">Publicaciones peri&#xF3;dicas </subfield>
    <subfield code="9">55</subfield>
    <subfield code="z">Rep&#xFA;blica Dominicana</subfield>
  </datafield>
  <datafield tag="942" ind1=" " ind2=" ">
    <subfield code="2">ddc</subfield>
    <subfield code="c">ISSUE</subfield>
  </datafield>
  <datafield tag="952" ind1=" " ind2=" ">
    <subfield code="0">0</subfield>
    <subfield code="1">0</subfield>
    <subfield code="2">ddc</subfield>
    <subfield code="4">0</subfield>
    <subfield code="5">6</subfield>
    <subfield code="7">0</subfield>
    <subfield code="8">SE</subfield>
    <subfield code="a">BNPHU</subfield>
    <subfield code="b">BNPHU</subfield>
    <subfield code="d">2026-04-28</subfield>
    <subfield code="h">A&#xF1;o 1. No. 8, marzo 2008</subfield>
    <subfield code="l">0</subfield>
    <subfield code="p">2026-3304</subfield>
    <subfield code="r">2026-04-28</subfield>
    <subfield code="t">e.1</subfield>
    <subfield code="w">2026-04-28</subfield>
    <subfield code="y">ISSUE</subfield>
    <subfield code="z">Disponible para consulta en: Hemeroteca.</subfield>
  </datafield>
  <datafield tag="952" ind1=" " ind2=" ">
    <subfield code="0">0</subfield>
    <subfield code="1">0</subfield>
    <subfield code="2">ddc</subfield>
    <subfield code="4">0</subfield>
    <subfield code="5">6</subfield>
    <subfield code="7">0</subfield>
    <subfield code="8">SE</subfield>
    <subfield code="a">BNPHU</subfield>
    <subfield code="b">BNPHU</subfield>
    <subfield code="d">2026-04-28</subfield>
    <subfield code="h">A&#xF1;o 1. No. 9, abril 2008</subfield>
    <subfield code="l">0</subfield>
    <subfield code="p">2026-3305</subfield>
    <subfield code="r">2026-04-28</subfield>
    <subfield code="t">e.1</subfield>
    <subfield code="w">2026-04-28</subfield>
    <subfield code="y">ISSUE</subfield>
    <subfield code="z">Disponible para consulta en: Hemeroteca.</subfield>
  </datafield>
  <datafield tag="952" ind1=" " ind2=" ">
    <subfield code="0">0</subfield>
    <subfield code="1">0</subfield>
    <subfield code="2">ddc</subfield>
    <subfield code="4">0</subfield>
    <subfield code="5">6</subfield>
    <subfield code="7">0</subfield>
    <subfield code="8">SE</subfield>
    <subfield code="a">BNPHU</subfield>
    <subfield code="b">BNPHU</subfield>
    <subfield code="d">2026-04-28</subfield>
    <subfield code="h">A&#xF1;o 1. No. 9, abril 2008</subfield>
    <subfield code="l">0</subfield>
    <subfield code="p">2026-3306</subfield>
    <subfield code="r">2026-04-28</subfield>
    <subfield code="t">e.2</subfield>
    <subfield code="w">2026-04-28</subfield>
    <subfield code="y">ISSUE</subfield>
    <subfield code="z">Disponible para consulta en: Hemeroteca.</subfield>
  </datafield>
  <datafield tag="952" ind1=" " ind2=" ">
    <subfield code="0">0</subfield>
    <subfield code="1">0</subfield>
    <subfield code="2">ddc</subfield>
    <subfield code="4">0</subfield>
    <subfield code="5">6</subfield>
    <subfield code="7">0</subfield>
    <subfield code="8">SE</subfield>
    <subfield code="a">BNPHU</subfield>
    <subfield code="b">BNPHU</subfield>
    <subfield code="d">2026-04-28</subfield>
    <subfield code="h">A&#xF1;o 1. No. 9, abril 2008</subfield>
    <subfield code="l">0</subfield>
    <subfield code="p">2026-3307</subfield>
    <subfield code="r">2026-04-28</subfield>
    <subfield code="t">e.3</subfield>
    <subfield code="w">2026-04-28</subfield>
    <subfield code="y">ISSUE</subfield>
    <subfield code="z">Disponible para consulta en: Hemeroteca.</subfield>
  </datafield>
  <datafield tag="952" ind1=" " ind2=" ">
    <subfield code="0">0</subfield>
    <subfield code="1">0</subfield>
    <subfield code="2">ddc</subfield>
    <subfield code="4">0</subfield>
    <subfield code="5">6</subfield>
    <subfield code="7">0</subfield>
    <subfield code="8">SE</subfield>
    <subfield code="a">BNPHU</subfield>
    <subfield code="b">BNPHU</subfield>
    <subfield code="d">2026-04-28</subfield>
    <subfield code="h">A&#xF1;o 2. No. 10, mayo-junio 2008</subfield>
    <subfield code="l">0</subfield>
    <subfield code="p">2026-3308</subfield>
    <subfield code="r">2026-04-28</subfield>
    <subfield code="t">e.1</subfield>
    <subfield code="w">2026-04-28</subfield>
    <subfield code="y">ISSUE</subfield>
    <subfield code="z">Disponible para consulta en: Hemeroteca.</subfield>
  </datafield>
  <datafield tag="952" ind1=" " ind2=" ">
    <subfield code="0">0</subfield>
    <subfield code="1">0</subfield>
    <subfield code="2">ddc</subfield>
    <subfield code="4">0</subfield>
    <subfield code="5">6</subfield>
    <subfield code="7">0</subfield>
    <subfield code="8">SE</subfield>
    <subfield code="a">BNPHU</subfield>
    <subfield code="b">BNPHU</subfield>
    <subfield code="d">2026-04-28</subfield>
    <subfield code="h">A&#xF1;o 2. No. 11, julio 2008</subfield>
    <subfield code="l">0</subfield>
    <subfield code="p">2026-3309</subfield>
    <subfield code="r">2026-04-28</subfield>
    <subfield code="t">e.1</subfield>
    <subfield code="w">2026-04-28</subfield>
    <subfield code="y">ISSUE</subfield>
    <subfield code="z">Disponible para consulta en: Hemeroteca.</subfield>
  </datafield>
  <datafield tag="952" ind1=" " ind2=" ">
    <subfield code="0">0</subfield>
    <subfield code="1">0</subfield>
    <subfield code="2">ddc</subfield>
    <subfield code="4">0</subfield>
    <subfield code="5">6</subfield>
    <subfield code="7">0</subfield>
    <subfield code="8">SE</subfield>
    <subfield code="a">BNPHU</subfield>
    <subfield code="b">BNPHU</subfield>
    <subfield code="d">2026-04-28</subfield>
    <subfield code="h">A&#xF1;o 2. No. 12, agosto 2008</subfield>
    <subfield code="l">0</subfield>
    <subfield code="p">2026-3310</subfield>
    <subfield code="r">2026-04-28</subfield>
    <subfield code="t">e.1</subfield>
    <subfield code="w">2026-04-28</subfield>
    <subfield code="y">ISSUE</subfield>
    <subfield code="z">Disponible para consulta en: Hemeroteca.</subfield>
  </datafield>
  <datafield tag="952" ind1=" " ind2=" ">
    <subfield code="0">0</subfield>
    <subfield code="1">0</subfield>
    <subfield code="2">ddc</subfield>
    <subfield code="4">0</subfield>
    <subfield code="5">6</subfield>
    <subfield code="7">0</subfield>
    <subfield code="8">SE</subfield>
    <subfield code="a">BNPHU</subfield>
    <subfield code="b">BNPHU</subfield>
    <subfield code="d">2026-04-28</subfield>
    <subfield code="h">A&#xF1;o 6. No. 39, marzo 2013</subfield>
    <subfield code="l">0</subfield>
    <subfield code="p">2026-3311</subfield>
    <subfield code="r">2026-04-28</subfield>
    <subfield code="t">e.1</subfield>
    <subfield code="w">2026-04-28</subfield>
    <subfield code="y">ISSUE</subfield>
    <subfield code="z">Disponible para consulta en: Hemeroteca.</subfield>
  </datafield>
  <datafield tag="952" ind1=" " ind2=" ">
    <subfield code="0">0</subfield>
    <subfield code="1">0</subfield>
    <subfield code="2">ddc</subfield>
    <subfield code="4">0</subfield>
    <subfield code="5">6</subfield>
    <subfield code="7">0</subfield>
    <subfield code="8">SE</subfield>
    <subfield code="a">BNPHU</subfield>
    <subfield code="b">BNPHU</subfield>
    <subfield code="d">2026-04-28</subfield>
    <subfield code="h">A&#xF1;o 6. No. 39, marzo 2013</subfield>
    <subfield code="l">0</subfield>
    <subfield code="p">2026-3312</subfield>
    <subfield code="r">2026-04-28</subfield>
    <subfield code="t">e.2</subfield>
    <subfield code="w">2026-04-28</subfield>
    <subfield code="y">ISSUE</subfield>
    <subfield code="z">Disponible para consulta en: Hemeroteca.</subfield>
  </datafield>
  <datafield tag="952" ind1=" " ind2=" ">
    <subfield code="0">0</subfield>
    <subfield code="1">0</subfield>
    <subfield code="2">ddc</subfield>
    <subfield code="4">0</subfield>
    <subfield code="5">6</subfield>
    <subfield code="7">0</subfield>
    <subfield code="8">SE</subfield>
    <subfield code="a">BNPHU</subfield>
    <subfield code="b">BNPHU</subfield>
    <subfield code="d">2026-04-28</subfield>
    <subfield code="h">A&#xF1;o 6. No. 39, marzo 2013</subfield>
    <subfield code="l">0</subfield>
    <subfield code="p">2026-3313</subfield>
    <subfield code="r">2026-04-28</subfield>
    <subfield code="t">e.3</subfield>
    <subfield code="w">2026-04-28</subfield>
    <subfield code="y">ISSUE</subfield>
    <subfield code="z">Disponible para consulta en: Hemeroteca.</subfield>
  </datafield>
  <datafield tag="952" ind1=" " ind2=" ">
    <subfield code="0">0</subfield>
    <subfield code="1">0</subfield>
    <subfield code="2">ddc</subfield>
    <subfield code="4">0</subfield>
    <subfield code="5">6</subfield>
    <subfield code="7">0</subfield>
    <subfield code="8">SE</subfield>
    <subfield code="a">BNPHU</subfield>
    <subfield code="b">BNPHU</subfield>
    <subfield code="d">2026-04-28</subfield>
    <subfield code="h">A&#xF1;o 7. No. 41, diciembre 2018</subfield>
    <subfield code="l">0</subfield>
    <subfield code="p">2026-3314</subfield>
    <subfield code="r">2026-04-28</subfield>
    <subfield code="t">e.1</subfield>
    <subfield code="w">2026-04-28</subfield>
    <subfield code="y">ISSUE</subfield>
    <subfield code="z">Disponible para consulta en: Hemeroteca.</subfield>
  </datafield>
  <datafield tag="952" ind1=" " ind2=" ">
    <subfield code="0">0</subfield>
    <subfield code="1">0</subfield>
    <subfield code="2">ddc</subfield>
    <subfield code="4">0</subfield>
    <subfield code="5">6</subfield>
    <subfield code="7">0</subfield>
    <subfield code="8">SE</subfield>
    <subfield code="a">BNPHU</subfield>
    <subfield code="b">BNPHU</subfield>
    <subfield code="d">2026-04-28</subfield>
    <subfield code="h">A&#xF1;o 7. No. 41, diciembre 2018</subfield>
    <subfield code="l">0</subfield>
    <subfield code="p">2026-3315</subfield>
    <subfield code="r">2026-04-28</subfield>
    <subfield code="t">e.2</subfield>
    <subfield code="w">2026-04-28</subfield>
    <subfield code="y">ISSUE</subfield>
    <subfield code="z">Disponible para consulta en: Hemeroteca.</subfield>
  </datafield>
  <datafield tag="952" ind1=" " ind2=" ">
    <subfield code="0">0</subfield>
    <subfield code="1">0</subfield>
    <subfield code="2">ddc</subfield>
    <subfield code="4">0</subfield>
    <subfield code="5">6</subfield>
    <subfield code="7">0</subfield>
    <subfield code="8">SE</subfield>
    <subfield code="a">BNPHU</subfield>
    <subfield code="b">BNPHU</subfield>
    <subfield code="d">2026-04-28</subfield>
    <subfield code="h">A&#xF1;o 7. No. 41, diciembre 2018</subfield>
    <subfield code="l">0</subfield>
    <subfield code="p">2026-3316</subfield>
    <subfield code="r">2026-04-28</subfield>
    <subfield code="t">e.3</subfield>
    <subfield code="w">2026-04-28</subfield>
    <subfield code="y">ISSUE</subfield>
    <subfield code="z">Disponible para consulta en: Hemeroteca.</subfield>
  </datafield>
  <datafield tag="952" ind1=" " ind2=" ">
    <subfield code="0">0</subfield>
    <subfield code="1">0</subfield>
    <subfield code="2">ddc</subfield>
    <subfield code="4">0</subfield>
    <subfield code="5">6</subfield>
    <subfield code="7">0</subfield>
    <subfield code="8">SE</subfield>
    <subfield code="a">BNPHU</subfield>
    <subfield code="b">BNPHU</subfield>
    <subfield code="d">2026-04-28</subfield>
    <subfield code="h">A&#xF1;o 2018</subfield>
    <subfield code="l">0</subfield>
    <subfield code="p">2026-3317</subfield>
    <subfield code="r">2026-04-28</subfield>
    <subfield code="t">e.1</subfield>
    <subfield code="w">2026-04-28</subfield>
    <subfield code="y">ISSUE</subfield>
    <subfield code="z">Disponible para consulta en: Hemeroteca.</subfield>
  </datafield>
  <datafield tag="952" ind1=" " ind2=" ">
    <subfield code="0">0</subfield>
    <subfield code="1">0</subfield>
    <subfield code="2">ddc</subfield>
    <subfield code="4">0</subfield>
    <subfield code="5">6</subfield>
    <subfield code="7">0</subfield>
    <subfield code="8">SE</subfield>
    <subfield code="a">BNPHU</subfield>
    <subfield code="b">BNPHU</subfield>
    <subfield code="d">2026-04-28</subfield>
    <subfield code="h">A&#xF1;o 2018</subfield>
    <subfield code="l">0</subfield>
    <subfield code="p">2026-3318</subfield>
    <subfield code="r">2026-04-28</subfield>
    <subfield code="t">e.2</subfield>
    <subfield code="w">2026-04-28</subfield>
    <subfield code="y">ISSUE</subfield>
    <subfield code="z">Disponible para consulta en: Hemeroteca.</subfield>
  </datafield>
  <datafield tag="952" ind1=" " ind2=" ">
    <subfield code="0">0</subfield>
    <subfield code="1">0</subfield>
    <subfield code="2">ddc</subfield>
    <subfield code="4">0</subfield>
    <subfield code="5">6</subfield>
    <subfield code="7">0</subfield>
    <subfield code="8">SE</subfield>
    <subfield code="a">BNPHU</subfield>
    <subfield code="b">BNPHU</subfield>
    <subfield code="d">2026-04-28</subfield>
    <subfield code="h">A&#xF1;o 2018</subfield>
    <subfield code="l">0</subfield>
    <subfield code="p">2026-3319</subfield>
    <subfield code="r">2026-04-28</subfield>
    <subfield code="t">e.3</subfield>
    <subfield code="w">2026-04-28</subfield>
    <subfield code="y">ISSUE</subfield>
    <subfield code="z">Disponible para consulta en: Hemeroteca.</subfield>
  </datafield>
  <datafield tag="952" ind1=" " ind2=" ">
    <subfield code="0">0</subfield>
    <subfield code="1">0</subfield>
    <subfield code="2">ddc</subfield>
    <subfield code="4">0</subfield>
    <subfield code="5">6</subfield>
    <subfield code="7">0</subfield>
    <subfield code="8">SE</subfield>
    <subfield code="a">BNPHU</subfield>
    <subfield code="b">BNPHU</subfield>
    <subfield code="d">2026-04-28</subfield>
    <subfield code="h">A&#xF1;o 2018</subfield>
    <subfield code="l">0</subfield>
    <subfield code="p">2026-3320</subfield>
    <subfield code="r">2026-04-28</subfield>
    <subfield code="t">e.4</subfield>
    <subfield code="w">2026-04-28</subfield>
    <subfield code="y">ISSUE</subfield>
    <subfield code="z">Disponible para consulta en: Hemeroteca.</subfield>
  </datafield>
  <datafield tag="952" ind1=" " ind2=" ">
    <subfield code="0">0</subfield>
    <subfield code="1">0</subfield>
    <subfield code="2">ddc</subfield>
    <subfield code="4">0</subfield>
    <subfield code="5">6</subfield>
    <subfield code="7">0</subfield>
    <subfield code="8">SE</subfield>
    <subfield code="a">BNPHU</subfield>
    <subfield code="b">BNPHU</subfield>
    <subfield code="d">2026-04-28</subfield>
    <subfield code="h">A&#xF1;o 2018</subfield>
    <subfield code="l">0</subfield>
    <subfield code="p">2026-3322</subfield>
    <subfield code="r">2026-04-28</subfield>
    <subfield code="t">e.5</subfield>
    <subfield code="w">2026-04-28</subfield>
    <subfield code="y">ISSUE</subfield>
    <subfield code="z">Disponible para consulta en: Hemeroteca.</subfield>
  </datafield>
  <datafield tag="952" ind1=" " ind2=" ">
    <subfield code="0">0</subfield>
    <subfield code="1">0</subfield>
    <subfield code="2">ddc</subfield>
    <subfield code="4">0</subfield>
    <subfield code="5">6</subfield>
    <subfield code="7">0</subfield>
    <subfield code="8">SE</subfield>
    <subfield code="a">BNPHU</subfield>
    <subfield code="b">BNPHU</subfield>
    <subfield code="d">2026-04-28</subfield>
    <subfield code="h">A&#xF1;o 2019</subfield>
    <subfield code="l">0</subfield>
    <subfield code="p">2026-3325</subfield>
    <subfield code="r">2026-04-28</subfield>
    <subfield code="t">e.1</subfield>
    <subfield code="w">2026-04-28</subfield>
    <subfield code="y">ISSUE</subfield>
    <subfield code="z">Disponible para consulta en: Hemeroteca.</subfield>
  </datafield>
  <datafield tag="952" ind1=" " ind2=" ">
    <subfield code="0">0</subfield>
    <subfield code="1">0</subfield>
    <subfield code="2">ddc</subfield>
    <subfield code="4">0</subfield>
    <subfield code="5">6</subfield>
    <subfield code="7">0</subfield>
    <subfield code="8">SE</subfield>
    <subfield code="a">BNPHU</subfield>
    <subfield code="b">BNPHU</subfield>
    <subfield code="d">2026-04-28</subfield>
    <subfield code="h">A&#xF1;o 2019</subfield>
    <subfield code="l">0</subfield>
    <subfield code="p">2026-3326</subfield>
    <subfield code="r">2026-04-28</subfield>
    <subfield code="t">e.2</subfield>
    <subfield code="w">2026-04-28</subfield>
    <subfield code="y">ISSUE</subfield>
    <subfield code="z">Disponible para consulta en: Hemeroteca.</subfield>
  </datafield>
  <datafield tag="952" ind1=" " ind2=" ">
    <subfield code="0">0</subfield>
    <subfield code="1">0</subfield>
    <subfield code="2">ddc</subfield>
    <subfield code="4">0</subfield>
    <subfield code="5">6</subfield>
    <subfield code="7">0</subfield>
    <subfield code="8">SE</subfield>
    <subfield code="a">BNPHU</subfield>
    <subfield code="b">BNPHU</subfield>
    <subfield code="d">2026-04-28</subfield>
    <subfield code="h">A&#xF1;o 2019</subfield>
    <subfield code="l">0</subfield>
    <subfield code="p">2026-3327</subfield>
    <subfield code="r">2026-04-28</subfield>
    <subfield code="t">e.3</subfield>
    <subfield code="w">2026-04-28</subfield>
    <subfield code="y">ISSUE</subfield>
    <subfield code="z">Disponible para consulta en: Hemeroteca.</subfield>
  </datafield>
  <datafield tag="952" ind1=" " ind2=" ">
    <subfield code="0">0</subfield>
    <subfield code="1">0</subfield>
    <subfield code="2">ddc</subfield>
    <subfield code="4">0</subfield>
    <subfield code="5">6</subfield>
    <subfield code="7">0</subfield>
    <subfield code="8">SE</subfield>
    <subfield code="a">BNPHU</subfield>
    <subfield code="b">BNPHU</subfield>
    <subfield code="d">2026-04-28</subfield>
    <subfield code="h">A&#xF1;o 2019</subfield>
    <subfield code="l">0</subfield>
    <subfield code="p">2026-3328</subfield>
    <subfield code="r">2026-04-28</subfield>
    <subfield code="t">e.1</subfield>
    <subfield code="w">2026-04-28</subfield>
    <subfield code="y">ISSUE</subfield>
    <subfield code="z">Disponible para consulta en: Hemeroteca.</subfield>
  </datafield>
  <datafield tag="952" ind1=" " ind2=" ">
    <subfield code="0">0</subfield>
    <subfield code="1">0</subfield>
    <subfield code="2">ddc</subfield>
    <subfield code="4">0</subfield>
    <subfield code="5">6</subfield>
    <subfield code="7">0</subfield>
    <subfield code="8">SE</subfield>
    <subfield code="a">BNPHU</subfield>
    <subfield code="b">BNPHU</subfield>
    <subfield code="d">2026-04-28</subfield>
    <subfield code="h">A&#xF1;o 2019</subfield>
    <subfield code="l">0</subfield>
    <subfield code="p">2026-3329</subfield>
    <subfield code="r">2026-04-28</subfield>
    <subfield code="t">e.2</subfield>
    <subfield code="w">2026-04-28</subfield>
    <subfield code="y">ISSUE</subfield>
    <subfield code="z">Disponible para consulta en: Hemeroteca.</subfield>
  </datafield>
  <datafield tag="952" ind1=" " ind2=" ">
    <subfield code="0">0</subfield>
    <subfield code="1">0</subfield>
    <subfield code="2">ddc</subfield>
    <subfield code="4">0</subfield>
    <subfield code="5">6</subfield>
    <subfield code="7">0</subfield>
    <subfield code="8">SE</subfield>
    <subfield code="a">BNPHU</subfield>
    <subfield code="b">BNPHU</subfield>
    <subfield code="d">2026-04-28</subfield>
    <subfield code="h">A&#xF1;o 2019</subfield>
    <subfield code="l">0</subfield>
    <subfield code="p">2026-3330</subfield>
    <subfield code="r">2026-04-28</subfield>
    <subfield code="t">e.3</subfield>
    <subfield code="w">2026-04-28</subfield>
    <subfield code="y">ISSUE</subfield>
    <subfield code="z">Disponible para consulta en: Hemeroteca.</subfield>
  </datafield>
  <datafield tag="952" ind1=" " ind2=" ">
    <subfield code="0">0</subfield>
    <subfield code="1">0</subfield>
    <subfield code="2">ddc</subfield>
    <subfield code="4">0</subfield>
    <subfield code="5">6</subfield>
    <subfield code="7">0</subfield>
    <subfield code="8">SE</subfield>
    <subfield code="a">BNPHU</subfield>
    <subfield code="b">BNPHU</subfield>
    <subfield code="d">2026-04-28</subfield>
    <subfield code="h">A&#xF1;o 2019</subfield>
    <subfield code="l">0</subfield>
    <subfield code="p">2026-3331</subfield>
    <subfield code="r">2026-04-28</subfield>
    <subfield code="t">e.4</subfield>
    <subfield code="w">2026-04-28</subfield>
    <subfield code="y">ISSUE</subfield>
    <subfield code="z">Disponible para consulta en: Hemeroteca.</subfield>
  </datafield>
  <datafield tag="952" ind1=" " ind2=" ">
    <subfield code="0">0</subfield>
    <subfield code="1">0</subfield>
    <subfield code="2">ddc</subfield>
    <subfield code="4">0</subfield>
    <subfield code="5">6</subfield>
    <subfield code="7">0</subfield>
    <subfield code="8">SE</subfield>
    <subfield code="a">BNPHU</subfield>
    <subfield code="b">BNPHU</subfield>
    <subfield code="d">2026-04-28</subfield>
    <subfield code="h">A&#xF1;o 2019</subfield>
    <subfield code="l">0</subfield>
    <subfield code="p">2026-3332</subfield>
    <subfield code="r">2026-04-28</subfield>
    <subfield code="t">e.1</subfield>
    <subfield code="w">2026-04-28</subfield>
    <subfield code="y">ISSUE</subfield>
    <subfield code="z">Disponible para consulta en: Hemeroteca.</subfield>
  </datafield>
  <datafield tag="952" ind1=" " ind2=" ">
    <subfield code="0">0</subfield>
    <subfield code="1">0</subfield>
    <subfield code="2">ddc</subfield>
    <subfield code="4">0</subfield>
    <subfield code="5">6</subfield>
    <subfield code="7">0</subfield>
    <subfield code="8">SE</subfield>
    <subfield code="a">BNPHU</subfield>
    <subfield code="b">BNPHU</subfield>
    <subfield code="d">2026-04-28</subfield>
    <subfield code="h">A&#xF1;o 2019</subfield>
    <subfield code="l">0</subfield>
    <subfield code="p">2026-3333</subfield>
    <subfield code="r">2026-04-28</subfield>
    <subfield code="t">e.2</subfield>
    <subfield code="w">2026-04-28</subfield>
    <subfield code="y">ISSUE</subfield>
    <subfield code="z">Disponible para consulta en: Hemeroteca.</subfield>
  </datafield>
  <datafield tag="952" ind1=" " ind2=" ">
    <subfield code="0">0</subfield>
    <subfield code="1">0</subfield>
    <subfield code="2">ddc</subfield>
    <subfield code="4">0</subfield>
    <subfield code="5">6</subfield>
    <subfield code="7">0</subfield>
    <subfield code="8">SE</subfield>
    <subfield code="a">BNPHU</subfield>
    <subfield code="b">BNPHU</subfield>
    <subfield code="d">2026-04-28</subfield>
    <subfield code="h">A&#xF1;o 2019</subfield>
    <subfield code="l">0</subfield>
    <subfield code="p">2026-3334</subfield>
    <subfield code="r">2026-04-28</subfield>
    <subfield code="t">e.3</subfield>
    <subfield code="w">2026-04-28</subfield>
    <subfield code="y">ISSUE</subfield>
    <subfield code="z">Disponible para consulta en: Hemeroteca.</subfield>
  </datafield>
  <datafield tag="952" ind1=" " ind2=" ">
    <subfield code="0">0</subfield>
    <subfield code="1">0</subfield>
    <subfield code="2">ddc</subfield>
    <subfield code="4">0</subfield>
    <subfield code="5">6</subfield>
    <subfield code="7">0</subfield>
    <subfield code="8">SE</subfield>
    <subfield code="a">BNPHU</subfield>
    <subfield code="b">BNPHU</subfield>
    <subfield code="d">2026-04-28</subfield>
    <subfield code="h">A&#xF1;o 2020</subfield>
    <subfield code="l">0</subfield>
    <subfield code="p">2026-3335</subfield>
    <subfield code="r">2026-04-28</subfield>
    <subfield code="t">e.1</subfield>
    <subfield code="w">2026-04-28</subfield>
    <subfield code="y">ISSUE</subfield>
    <subfield code="z">Disponible para consulta en: Hemeroteca.</subfield>
  </datafield>
  <datafield tag="952" ind1=" " ind2=" ">
    <subfield code="0">0</subfield>
    <subfield code="1">0</subfield>
    <subfield code="2">ddc</subfield>
    <subfield code="4">0</subfield>
    <subfield code="5">6</subfield>
    <subfield code="7">0</subfield>
    <subfield code="8">SE</subfield>
    <subfield code="a">BNPHU</subfield>
    <subfield code="b">BNPHU</subfield>
    <subfield code="d">2026-04-28</subfield>
    <subfield code="h">A&#xF1;o 2020</subfield>
    <subfield code="l">0</subfield>
    <subfield code="p">2026-3336</subfield>
    <subfield code="r">2026-04-28</subfield>
    <subfield code="t">e.2</subfield>
    <subfield code="w">2026-04-28</subfield>
    <subfield code="y">ISSUE</subfield>
    <subfield code="z">Disponible para consulta en: Hemeroteca.</subfield>
  </datafield>
  <datafield tag="952" ind1=" " ind2=" ">
    <subfield code="0">0</subfield>
    <subfield code="1">0</subfield>
    <subfield code="2">ddc</subfield>
    <subfield code="4">0</subfield>
    <subfield code="5">6</subfield>
    <subfield code="7">0</subfield>
    <subfield code="8">SE</subfield>
    <subfield code="a">BNPHU</subfield>
    <subfield code="b">BNPHU</subfield>
    <subfield code="d">2026-04-28</subfield>
    <subfield code="h">A&#xF1;o 14 mayo 2021</subfield>
    <subfield code="l">0</subfield>
    <subfield code="p">2026-3337</subfield>
    <subfield code="r">2026-04-28</subfield>
    <subfield code="t">e.1</subfield>
    <subfield code="w">2026-04-28</subfield>
    <subfield code="y">ISSUE</subfield>
    <subfield code="z">Disponible para consulta en: Hemeroteca.</subfield>
  </datafield>
  <datafield tag="952" ind1=" " ind2=" ">
    <subfield code="0">0</subfield>
    <subfield code="1">0</subfield>
    <subfield code="2">ddc</subfield>
    <subfield code="4">0</subfield>
    <subfield code="5">6</subfield>
    <subfield code="7">0</subfield>
    <subfield code="8">SE</subfield>
    <subfield code="a">BNPHU</subfield>
    <subfield code="b">BNPHU</subfield>
    <subfield code="d">2026-04-28</subfield>
    <subfield code="h">A&#xF1;o 14 mayo 2021</subfield>
    <subfield code="l">0</subfield>
    <subfield code="p">2026-3338</subfield>
    <subfield code="r">2026-04-28</subfield>
    <subfield code="t">e.2</subfield>
    <subfield code="w">2026-04-28</subfield>
    <subfield code="y">ISSUE</subfield>
    <subfield code="z">Disponible para consulta en: Hemeroteca.</subfield>
  </datafield>
  <datafield tag="952" ind1=" " ind2=" ">
    <subfield code="0">0</subfield>
    <subfield code="1">0</subfield>
    <subfield code="2">ddc</subfield>
    <subfield code="4">0</subfield>
    <subfield code="5">6</subfield>
    <subfield code="7">0</subfield>
    <subfield code="8">SE</subfield>
    <subfield code="a">BNPHU</subfield>
    <subfield code="b">BNPHU</subfield>
    <subfield code="d">2026-04-28</subfield>
    <subfield code="h">A&#xF1;o 14 agosto 2021</subfield>
    <subfield code="l">0</subfield>
    <subfield code="p">2026-3339</subfield>
    <subfield code="r">2026-04-28</subfield>
    <subfield code="t">e.1</subfield>
    <subfield code="w">2026-04-28</subfield>
    <subfield code="y">ISSUE</subfield>
    <subfield code="z">Disponible para consulta en: Hemeroteca.</subfield>
  </datafield>
  <datafield tag="952" ind1=" " ind2=" ">
    <subfield code="0">0</subfield>
    <subfield code="1">0</subfield>
    <subfield code="2">ddc</subfield>
    <subfield code="4">0</subfield>
    <subfield code="5">6</subfield>
    <subfield code="7">0</subfield>
    <subfield code="8">SE</subfield>
    <subfield code="a">BNPHU</subfield>
    <subfield code="b">BNPHU</subfield>
    <subfield code="d">2026-04-28</subfield>
    <subfield code="h">A&#xF1;o 14 agosto 2021</subfield>
    <subfield code="l">0</subfield>
    <subfield code="p">2026-3340</subfield>
    <subfield code="r">2026-04-28</subfield>
    <subfield code="t">e.2</subfield>
    <subfield code="w">2026-04-28</subfield>
    <subfield code="y">ISSUE</subfield>
    <subfield code="z">Disponible para consulta en: Hemeroteca.</subfield>
  </datafield>
  <datafield tag="952" ind1=" " ind2=" ">
    <subfield code="0">0</subfield>
    <subfield code="1">0</subfield>
    <subfield code="2">ddc</subfield>
    <subfield code="4">0</subfield>
    <subfield code="5">6</subfield>
    <subfield code="7">0</subfield>
    <subfield code="8">SE</subfield>
    <subfield code="a">BNPHU</subfield>
    <subfield code="b">BNPHU</subfield>
    <subfield code="d">2026-04-28</subfield>
    <subfield code="h">A&#xF1;o 14 agosto 2021</subfield>
    <subfield code="l">0</subfield>
    <subfield code="p">2026-3341</subfield>
    <subfield code="r">2026-04-28</subfield>
    <subfield code="t">e.3</subfield>
    <subfield code="w">2026-04-28</subfield>
    <subfield code="y">ISSUE</subfield>
    <subfield code="z">Disponible para consulta en: Hemeroteca.</subfield>
  </datafield>
  <datafield tag="952" ind1=" " ind2=" ">
    <subfield code="0">0</subfield>
    <subfield code="1">0</subfield>
    <subfield code="2">ddc</subfield>
    <subfield code="4">0</subfield>
    <subfield code="5">6</subfield>
    <subfield code="7">0</subfield>
    <subfield code="8">SE</subfield>
    <subfield code="a">BNPHU</subfield>
    <subfield code="b">BNPHU</subfield>
    <subfield code="d">2026-04-28</subfield>
    <subfield code="h">A&#xF1;o 14 diciembre 2021</subfield>
    <subfield code="l">0</subfield>
    <subfield code="p">2026-3342</subfield>
    <subfield code="r">2026-04-28</subfield>
    <subfield code="t">e.1</subfield>
    <subfield code="w">2026-04-28</subfield>
    <subfield code="y">ISSUE</subfield>
    <subfield code="z">Disponible para consulta en: Hemeroteca.</subfield>
  </datafield>
  <datafield tag="952" ind1=" " ind2=" ">
    <subfield code="0">0</subfield>
    <subfield code="1">0</subfield>
    <subfield code="2">ddc</subfield>
    <subfield code="4">0</subfield>
    <subfield code="5">6</subfield>
    <subfield code="7">0</subfield>
    <subfield code="8">SE</subfield>
    <subfield code="a">BNPHU</subfield>
    <subfield code="b">BNPHU</subfield>
    <subfield code="d">2026-04-28</subfield>
    <subfield code="h">A&#xF1;o 14 diciembre 2021</subfield>
    <subfield code="l">0</subfield>
    <subfield code="p">2026-3343</subfield>
    <subfield code="r">2026-04-28</subfield>
    <subfield code="t">e.2</subfield>
    <subfield code="w">2026-04-28</subfield>
    <subfield code="y">ISSUE</subfield>
    <subfield code="z">Disponible para consulta en: Hemeroteca.</subfield>
  </datafield>
  <datafield tag="952" ind1=" " ind2=" ">
    <subfield code="0">0</subfield>
    <subfield code="1">0</subfield>
    <subfield code="2">ddc</subfield>
    <subfield code="4">0</subfield>
    <subfield code="5">6</subfield>
    <subfield code="7">0</subfield>
    <subfield code="8">SE</subfield>
    <subfield code="a">BNPHU</subfield>
    <subfield code="b">BNPHU</subfield>
    <subfield code="d">2026-04-28</subfield>
    <subfield code="h">A&#xF1;o 14 diciembre 2021</subfield>
    <subfield code="l">0</subfield>
    <subfield code="p">2026-3344</subfield>
    <subfield code="r">2026-04-28</subfield>
    <subfield code="t">e.3</subfield>
    <subfield code="w">2026-04-28</subfield>
    <subfield code="y">ISSUE</subfield>
    <subfield code="z">Disponible para consulta en: Hemeroteca.</subfield>
  </datafield>
  <datafield tag="952" ind1=" " ind2=" ">
    <subfield code="0">0</subfield>
    <subfield code="1">0</subfield>
    <subfield code="2">ddc</subfield>
    <subfield code="4">0</subfield>
    <subfield code="5">6</subfield>
    <subfield code="7">0</subfield>
    <subfield code="8">SE</subfield>
    <subfield code="a">BNPHU</subfield>
    <subfield code="b">BNPHU</subfield>
    <subfield code="d">2026-04-28</subfield>
    <subfield code="h">A&#xF1;o 14 diciembre 2021</subfield>
    <subfield code="l">0</subfield>
    <subfield code="p">2026-3345</subfield>
    <subfield code="r">2026-04-28</subfield>
    <subfield code="t">e.4</subfield>
    <subfield code="w">2026-04-28</subfield>
    <subfield code="y">ISSUE</subfield>
    <subfield code="z">Disponible para consulta en: Hemeroteca.</subfield>
  </datafield>
  <datafield tag="952" ind1=" " ind2=" ">
    <subfield code="0">0</subfield>
    <subfield code="1">0</subfield>
    <subfield code="2">ddc</subfield>
    <subfield code="4">0</subfield>
    <subfield code="5">6</subfield>
    <subfield code="7">0</subfield>
    <subfield code="8">SE</subfield>
    <subfield code="a">BNPHU</subfield>
    <subfield code="b">BNPHU</subfield>
    <subfield code="d">2026-04-28</subfield>
    <subfield code="h">A&#xF1;o 14 diciembre 2021</subfield>
    <subfield code="l">0</subfield>
    <subfield code="p">2026-3346</subfield>
    <subfield code="r">2026-04-28</subfield>
    <subfield code="t">e.5</subfield>
    <subfield code="w">2026-04-28</subfield>
    <subfield code="y">ISSUE</subfield>
    <subfield code="z">Disponible para consulta en: Hemeroteca.</subfield>
  </datafield>
  <datafield tag="952" ind1=" " ind2=" ">
    <subfield code="0">0</subfield>
    <subfield code="1">0</subfield>
    <subfield code="2">ddc</subfield>
    <subfield code="4">0</subfield>
    <subfield code="5">6</subfield>
    <subfield code="7">0</subfield>
    <subfield code="8">SE</subfield>
    <subfield code="a">BNPHU</subfield>
    <subfield code="b">BNPHU</subfield>
    <subfield code="d">2026-04-28</subfield>
    <subfield code="h">A&#xF1;o 14 diciembre 2021</subfield>
    <subfield code="l">0</subfield>
    <subfield code="p">2026-3347</subfield>
    <subfield code="r">2026-04-28</subfield>
    <subfield code="t">e.6</subfield>
    <subfield code="w">2026-04-28</subfield>
    <subfield code="y">ISSUE</subfield>
    <subfield code="z">Disponible para consulta en: Hemeroteca.</subfield>
  </datafield>
  <datafield tag="952" ind1=" " ind2=" ">
    <subfield code="0">0</subfield>
    <subfield code="1">0</subfield>
    <subfield code="2">ddc</subfield>
    <subfield code="4">0</subfield>
    <subfield code="5">6</subfield>
    <subfield code="7">0</subfield>
    <subfield code="8">SE</subfield>
    <subfield code="a">BNPHU</subfield>
    <subfield code="b">BNPHU</subfield>
    <subfield code="d">2026-04-28</subfield>
    <subfield code="h">A&#xF1;o 14 diciembre 2021</subfield>
    <subfield code="l">0</subfield>
    <subfield code="p">2026-3348</subfield>
    <subfield code="r">2026-04-28</subfield>
    <subfield code="t">e.7</subfield>
    <subfield code="w">2026-04-28</subfield>
    <subfield code="y">ISSUE</subfield>
    <subfield code="z">Disponible para consulta en: Hemeroteca.</subfield>
  </datafield>
  <datafield tag="999" ind1=" " ind2=" ">
    <subfield code="c">60630</subfield>
    <subfield code="d">60630</subfield>
  </datafield>
</record>
